|
|
|
|
| LEADER |
00957nam a2200253 4500 |
| 001 |
DLU040026461 |
| 008 |
##021230t vn z000 vie d |
| 040 |
# |
# |
|a DLU
|b vie
|
| 041 |
# |
# |
|a vie
|
| 100 |
# |
# |
|a Nguyễn Thanh Hải
|
| 245 |
# |
# |
|a Khảo sát các kĩ thuật điều khiển công suất tuyến về đối với hệ thống thông tin di động trải phổ dãy trực tiếp (DS-CDMA) /
|c Nguyễn Thanh Hải, Nguyễn Ngọc San
|
| 653 |
# |
# |
|a Điều khiển công suất
|
| 653 |
# |
# |
|a Hệ thống thông tin di động
|
| 700 |
# |
# |
|a Nguyễn Ngọc San
|
| 773 |
# |
# |
|t Tạp chí Khoa học và Công nghệ
|g tập 41, số 6-2003 (43), tr. 17-28
|
| 920 |
# |
# |
|a Phòng Tạp chí -- Trung tâm Thông tin - Thư viện Trường Đại học Đà Lạt
|
| 994 |
# |
# |
|a DLU
|
| 900 |
# |
# |
|a True
|
| 911 |
# |
# |
|a Thái Thị Thanh Thủy
|
| 925 |
# |
# |
|a G
|
| 926 |
# |
# |
|a A
|
| 927 |
# |
# |
|a BB
|
| 980 |
# |
# |
|a Thư viện Trường Đại học Đà Lạt
|